000 00896nam a22002177a 4500
003 BUBTL
008 220113b ||||| |||| 00| 0 eng d
020 _a9789849310969
082 _a954.92/ B2917b/ 1991
100 _94484
_aআবুল বাশার, সিকদার
245 _aবঙ্গবন্ধুর বাংলাদেশ /
_cসিকদার আবুল বাশার
250 _a1st Edn.
260 _aঢাকা:
_bকাকলী প্রকাশনী,
_cc1991
300 _a79 p.:
_bill.;
_c22 cm.
505 _aবঙ্গবন্ধুর বাংলাদেশ,বঙ্গবন্ধু, বাংলাদেশ, সিকদার আবুল বাশার
650 0 _93574
_aবঙ্গবন্ধু
650 0 _94372
_aBangabandhu
856 _k0
_l0
_yDownload
942 _2ddc
_cBK
999 _c6636
_d6636